000 00277nam a22001337a 4500
008 170824b xxu||||| |||| 00| 0 eng d
020 _a9780669433944
041 _aeng
080 _a51
100 _a38
101 _aMAT
245 _aALGEBRA 2
_cLARSON,.R
942 _2udc
_cBK
999 _c24802
_d24802